000 00804nam a22002297a 4500
005 20240530110927.0
008 220221s2005 ua c g b 000 0 ara d
017 _bمصر. دار الكتب
020 _a9960404374
040 _aEG-CaGPL
_cEG-CaGPL
082 0 4 _221
_a909.82 /
_bن م
100 0 _aناصر بن محمد الزمل
245 1 0 _aموسوعة احداث القرن العشرين /
_cناصر بن محمد الزمل
260 _aالرياض :
_bمكتبة العبيكان
_c2005
300 _a8 مج ؛
_c24 سم
500 _a8 اجزاء من 1900 - 2000
650 0 7 _aالعالم
_2qrmak
_xتاريخ
650 0 7 _aالتاريخ الحديث
_2qrmak
_yالقرن العشرون
651 _2qrmak
942 _2ddc
_cBK
999 _c66590
_d66590